| 000 | 00448nam a2200157 a 4500 | ||
|---|---|---|---|
| 005 | 20240919064644.0 | ||
| 008 | 991125s1942 mx 000 0 spa u | ||
| 035 | _aUPN01000007665 | ||
| 049 | _aCG | ||
| 050 | 4 |
_aLA400 _bC5.3 |
|
| 245 | 0 | 0 | _aCiclo de conferencias en la semana panamericana. |
| 260 |
_aMéxico : _bColegio Justo Sierra de Monterrey, _c1942. |
||
| 300 |
_a59 p. : _bil. |
||
| 650 | 4 |
_aEducación _zAmérica Latina _99694 |
|
| 905 | _aLibro | ||
| 999 |
_c7665 _d7665 |
||